Moderní příručka dlouhověkosti

Bibliographic Details
Main Authors: Mahonye, David (Author), Restak, Richard (Author)
Other Authors: Burešová, Olga (Translator)
Format: Book
Language:Czech
English
PhysicalDescription:183 s. ilustr. 24 cm
Published: Praha Academia 2000
ISBN:802000260X
Edition:1. vyd.
Subjects:

MARC

LEADER 00000nam a2200000 a 4500
001 vtls008296880
003 SK-MaSNL
005 20260301074750.0
008 251031s2000 xr a g f 001 0 cze
020 |a 802000260X  |q (viaz.) 
040 |a SNK  |b slo  |c SNK  |e AACR2 
041 1 |a cze  |h eng 
044 |a xr  |c CZ 
072 7 |a 613  |x Hygiena. Ľudské zdravie  |2 konspekt 
080 |a 612.68  |2 MDT-MRF 
080 |a 615  |2 MDT-MRF 
080 |a (035)  |2 MDT-MRF 
080 |a (0.062)  |2 MDT-MRF 
100 1 |a Mahonye, David  |4 aut  |9 397872 
240 1 4 |a The longevity strategy  |l Česky 
245 1 0 |a Moderní příručka dlouhověkosti  |c David Mahoney, Richard Restak ; [z anglického originálu přeložila Olga Burešová] 
250 |a 1. vyd. 
260 |a Praha  |b Academia  |c 2000 
300 |a 183 s.  |b ilustr.  |c 24 cm 
504 |a Bibliogr. s. 179-180. Reg. 
650 0 7 |a dlhovekosť  |2 SNKPH  |9 2448 
650 0 7 |a starostlivosť o zdravie  |2 SNKPH  |9 1302 
650 0 7 |a životospráva  |2 SNKPH  |9 23728 
655 7 |a príručky  |2 SNKPH  |9 74364 
655 7 |a populárno-náučné publikácie  |2 SNKPH  |9 70460 
700 1 |a Restak, Richard  |4 aut  |9 397873 
700 1 |a Burešová, Olga  |4 trl  |9 387052 
919 |a 80-200-0260-X 
999 |c 648151  |d 650081 
952 |a SNK  |b SNK  |y VYP  |7 0  |p 17A0484945  |o snkIC 132591  |i snk2005/17385  |8 2  |g 6.31  |0 0  |1 0  |4 0  |d 2005-09-09  |l 0  |r 2026-02-23 18:13:40  |w 2026-02-23